| 000 | 00585nam a2200217Ia 4500 | ||
|---|---|---|---|
| 005 | 20230503091254.0 | ||
| 008 | 230125s9999 xx 000 0 und d | ||
| 020 | _a81-7881-437-4 | ||
| 041 | _aeng | ||
| 082 |
_a658.312 44 _bRAJ |
||
| 100 |
_aRaju P V L _9110192 |
||
| 245 | _aEffective Human Resource Management | ||
| 250 | _a1st Ed. | ||
| 260 |
_c2005 _bICFAI publication _aHyderabad |
||
| 300 | _a151p | ||
| 500 | _aHRM;ICFAI Series Book | ||
| 650 |
_aHRM;ICFAI Series Book _9181353 |
||
| 700 |
_aRaju P V L & Abhyankar M W, Donor _9116089 |
||
| 906 | _b150 | ||
| 942 | _cDB | ||
| 999 |
_c93773 _d93773 |
||